Statistiques concernant Régions françaises avec le plus de communes

Cliquez ici pour prendre le quiz!

Statistiques générales

  • Ce quiz a été pris 308 fois
  • Le résultat moyen est 4 sur 5

Statistiques - réponses

Nombre de communesRégions% Correct
5 121Grand Est
94%
4 454Occitanie
93%
4 314Nouvelle Aquitaine
89%
4 030Auvergne-Rhône-Alpes
86%
3 789Hauts-de-France
84%

Distribution des résultats

Percentile par nombre de réponses

% des personnes avec chaque résultat

Votre développement - résultats

Vous n’avez pas pris ce quiz